000
002440000a22000970004500
100
1
_a
Stegall, Kathryn E.
245
1
0
_a
Believe the right thing
300
_a
Vol. 45, Num. 1 (Marzo, 1995), Páginas 11-15
773
0
_t
Reformed World
942
_c
ANA
999
_c
55376
_d
55376